[Event "15th HZ Open"]
[Site "Vlissingen NED"]
[Date "2011.08.04"]
[Round "7"]
[White "Afek, Yochanan"]
[Black "Bijlsma, Nick"]
[Result "1-0"]
[WhiteTitle "IM"]
[WhiteElo "2298"]
[BlackElo "2174"]
[WhiteFideId "2800462"]
[BlackFideId "1007041"]
[EventDate "2011.07.30"]

1. e4 c5 2. c3 d5 3. exd5 Qxd5 4. d4 g6 5. Be3 cxd4 6. Nf3 Bg7 7. cxd4 Nf6 8.
Nc3 Qd8 9. Bc4 O-O 10. O-O Nc6 11. d5 Na5 12. Be2 b6 13. Nd4 Bd7 14. Ba6 Bc8 15.
Be2 Bd7 16. Rc1 Rc8 17. Ba6 Rxc3 18. bxc3 Nxd5 19. Bg5 h6 20. Bd2 Nc7 21. Be2 e5
22. Nb3 Ba4 23. Rb1 f5 24. Qc1 Bc6 25. Nxa5 bxa5 26. Bxh6 f4 27. Bc4+ Kh7 28.
Bxg7 Bxg2 29. Kxg2 Qh4 30. f3 Rf5 31. Kh1 Rh5 32. Qd2 1-0

[Event "15th HZ Open"]
[Site "Vlissingen NED"]
[Date "2011.08.04"]
[Round "7"]
[White "Van Dooren, Dirk"]
[Black "Padurariu, Ioana-Smaranda"]
[Result "1-0"]
[WhiteTitle "FM"]
[BlackTitle "WIM"]
[WhiteElo "2290"]
[BlackElo "2164"]
[WhiteFideId "1015761"]
[BlackFideId "1210947"]
[EventDate "2011.07.30"]

1. e4 c5 2. d3 Nc6 3. f4 g6 4. Nf3 Bg7 5. g3 d6 6. Bg2 e6 7. O-O Nge7 8. c3 O-O
9. Be3 b6 10. d4 Ba6 11. Re1 cxd4 12. cxd4 d5 13. e5 Rc8 14. Qa4 Bc4 15. Nc3 a5
16. Qd1 Ba6 17. Qd2 Rc7 18. g4 Qd7 19. Bf2 Nb4 20. Re3 f5 21. exf6 Bxf6 22. Rae1
Qd8 23. Ng5 Bxg5 24. fxg5 e5 25. Bg3 e4 26. Bxc7 Qxc7 27. Nxe4 dxe4 28. Rxe4
Ned5 29. Re5 Nf4 30. Re7 Qd6 31. Qc3 Nxg2 32. d5 Qc5+ 33. Qxc5 bxc5 34. Kxg2
Nxd5 35. Ra7 Bb5 36. Kg3 a4 37. Ra5 Bc6 38. Rxc5 Ba8 39. Rec1 Ne7 40. R1c3 Nd5
41. Rf3 Re8 42. Rd3 Ne3 43. h3 Bd5 44. Kf2 1-0

[Event "15th HZ Open"]
[Site "Vlissingen NED"]
[Date "2011.08.04"]
[Round "7"]
[White "Nieuwelink, Kees"]
[Black "Admiraal, Miguoel"]
[Result "1/2-1/2"]
[WhiteElo "2177"]
[BlackElo "2246"]
[WhiteFideId "1003216"]
[BlackFideId "1019716"]
[EventDate "2011.07.30"]

1. e4 d6 2. d4 Nf6 3. Nc3 g6 4. f4 Bg7 5. Nf3 O-O 6. Be2 c5 7. dxc5 Qa5 8. O-O
Qxc5+ 9. Kh1 Nc6 10. Qe1 Bg4 11. Bd3 Bxf3 12. Rxf3 Rad8 13. Be3 Qa5 14. a3 d5
15. e5 Ng4 16. Bg1 f6 17. Qh4 f5 18. Rd1 Qc7 19. b4 e6 20. Bc5 Rf7 21. Nb5 Qb8
22. Bd6 Qc8 23. c4 d4 24. Be2 a6 25. Nxd4 Rxd6 26. exd6 Nxd4 27. Rfd3 Bf6 28.
Qe1 Nc6 29. Bxg4 fxg4 30. d7 Qc7 31. Qxe6 Nd8 32. Qe8+ Kg7 33. Rd6 Re7 34. c5
Nf7 35. d8=Q Nxd8 36. Qxd8 Re1+ 37. Rxe1 Bxd8 38. Red1 Kh6 39. Rxd8 Qxf4 40.
R8d3 Qe4 41. h3 Kg5 42. hxg4 Qxg4 43. Rd5+ Kh6 44. R1d3 Qe6 45. Kh2 Qg4 46. Rd7
Qf4+ 47. Rg3 g5 48. Rxb7 Kg6 49. Rb6+ Kg7 50. Rb7+ Kg6 51. Rb6+ Kg7 52. Rb7+ Kg6
53. Rb6+ Kg7 1/2-1/2

[Event "15th HZ Open"]
[Site "Vlissingen NED"]
[Date "2011.08.04"]
[Round "7"]
[White "Hylkema, Remco"]
[Black "Steenbekkers, Franck"]
[Result "0-1"]
[BlackTitle "CM"]
[WhiteElo "2039"]
[BlackElo "2223"]
[WhiteFideId "1018302"]
[BlackFideId "1004220"]
[EventDate "2011.07.30"]

1. d4 Nf6 2. c4 g6 3. Nc3 d5 4. cxd5 Nxd5 5. Bd2 Bg7 6. e4 Nxc3 7. Bxc3 O-O 8.
Nf3 c5 9. d5 Bxc3+ 10. bxc3 e6 11. c4 exd5 12. cxd5 Re8 13. Qc2 Qxd5 14. Rd1
Qxe4+ 0-1

[Event "15th HZ Open"]
[Site "Vlissingen NED"]
[Date "2011.08.04"]
[Round "7"]
[White "Hamelink, Desiree"]
[Black "Grochal, Joey"]
[Result "1/2-1/2"]
[WhiteTitle "WIM"]
[WhiteElo "2220"]
[BlackElo "2147"]
[WhiteFideId "1006258"]
[BlackFideId "1019945"]
[EventDate "2011.07.30"]

1. e4 c5 2. Nf3 d6 3. d4 cxd4 4. Nxd4 Nf6 5. Nc3 a6 6. Bg5 e6 7. f4 Be7 8. Qf3
Qc7 9. O-O-O Nbd7 10. g4 b5 11. Bxf6 Nxf6 12. g5 Nd7 13. Kb1 b4 14. Nce2 d5 15.
Bg2 Bb7 16. Ng3 Nc5 17. Qe3 Rd8 18. exd5 Bxd5 19. Bxd5 Rxd5 20. f5 O-O 21. g6 e5
22. gxh7+ Kh8 23. Nf3 Rfd8 24. Rxd5 Rxd5 25. Rc1 e4 26. Ng5 Bd6 27. Rf1 Bxg3 28.
Qxg3 Qxg3 29. Nxf7+ Kxh7 30. hxg3 e3 31. Ng5+ Kh6 32. Nf3 Rxf5 33. Rh1+ Rh5 34.
Re1 Ne4 35. Rxe3 Rh1+ 36. Re1 Rxe1+ 37. Nxe1 1/2-1/2

[Event "15th HZ Open"]
[Site "Vlissingen NED"]
[Date "2011.08.04"]
[Round "7"]
[White "Meurs, Tom"]
[Black "Bolleman, Erik"]
[Result "1-0"]
[WhiteElo "2217"]
[BlackElo "2042"]
[WhiteFideId "1021176"]
[BlackFideId "1016172"]
[EventDate "2011.07.30"]

1. e4 c6 2. d4 d5 3. Nc3 dxe4 4. Nxe4 Nf6 5. Nxf6+ exf6 6. Nf3 Bd6 7. Be2 O-O 8.
O-O Be6 9. c4 Re8 10. h3 Nd7 11. Be3 Nf8 12. Qd2 Ng6 13. Rfd1 Qe7 14. d5 cxd5
15. cxd5 Bd7 16. Bf1 Ne5 17. Nxe5 Qxe5 18. g3 Qh5 19. Bf4 Bxf4 20. Qxf4 Re5 21.
g4 Qh4 22. Rac1 h5 23. Rc7 Rd8 24. Qc4 b5 25. Qc2 hxg4 26. hxg4 Qxg4+ 27. Bg2
Re2 28. Qd3 Rde8 29. Qg3 Qa4 30. Rf1 Bg4 31. Qb3 Qf4 32. d6 R8e6 1-0

[Event "15th HZ Open"]
[Site "Vlissingen NED"]
[Date "2011.08.04"]
[Round "7"]
[White "Rademakers, Maarten"]
[Black "Poetsch, Hagen"]
[Result "0-1"]
[BlackTitle "IM"]
[WhiteElo "2054"]
[BlackElo "2403"]
[WhiteFideId "1026003"]
[BlackFideId "24615137"]
[EventDate "2011.07.30"]

1. c4 e5 2. Nc3 Nf6 3. g3 d5 4. cxd5 Nxd5 5. Bg2 Nb6 6. Nf3 Nc6 7. O-O Be7 8. d3
O-O 9. a3 Be6 10. b4 a5 11. b5 Nd4 12. Rb1 f6 13. Nd2 Qc8 14. e3 Nf5 15. Qc2 Rd8
16. Rd1 a4 17. Nce4 Qd7 18. Bf1 Bf7 19. Nc5 Qd5 20. Nde4 Bh5 21. Re1 Bf3 22. Rb4
Bxe4 23. dxe4 Qxc5 24. Bc4+ Nxc4 25. Rxc4 Qxb5 26. exf5 c6 27. Rh4 Rd7 28. Qa2+
Qb3 29. Qe2 Qf7 30. Qc2 Qb3 31. Qe2 Rad8 32. Qh5 Rd1 33. Qxh7+ Kf8 34. Qh8+ Qg8
35. Kf1 Qxh8 36. Rxh8+ Kf7 37. Rxd8 Rxd8 38. Ke2 b5 39. Bb2 e4 40. Rc1 c5 41.
Rd1 Rxd1 42. Kxd1 Bd6 43. h4 b4 44. g4 b3 45. Kd2 c4 46. g5 fxg5 47. hxg5 g6 48.
f6 Ke6 49. Kd1 c3 50. Bxc3 Bxa3 51. Kd2 Kf5 52. Kd1 Kxg5 53. f7 Bf8 0-1

[Event "15th HZ Open"]
[Site "Vlissingen NED"]
[Date "2011.08.04"]
[Round "7"]
[White "Swijsen, Lars"]
[Black "Provoost, Simon"]
[Result "1/2-1/2"]
[WhiteElo "1960"]
[BlackElo "2295"]
[WhiteFideId "211800"]
[BlackFideId "1016334"]
[EventDate "2011.07.30"]

1. e4 c5 2. c3 d5 3. exd5 Qxd5 4. d4 Nf6 5. Nf3 e6 6. Na3 a6 7. Nc4 Nbd7 8. Be2
cxd4 9. Qxd4 Bc5 10. Qxd5 Nxd5 11. O-O b5 12. Na5 Bb6 13. Nb3 Bc7 14. a4 Rb8 15.
axb5 axb5 16. Nbd4 b4 17. Nb5 Bf4 18. cxb4 Bxc1 19. Rfxc1 Nxb4 20. Ra7 Nd5 21.
Nc7+ Nxc7 22. Rcxc7 O-O 23. Rxd7 Bxd7 24. Rxd7 Rxb2 25. Rd2 Rfb8 26. Rxb2 Rxb2
27. Bd3 Rb3 28. Bf1 Rb2 29. g4 g6 30. Kg2 Kg7 31. h4 Ra2 32. Kg3 Ra5 33. Nd2 Ra2
34. Nc4 Ra1 35. Bg2 Rc1 36. Ne3 Rc5 37. g5 h6 38. f4 h5 39. Nf1 e5 40. fxe5 Rxe5 1/2-1/2

[Event "15th HZ Open"]
[Site "Vlissingen NED"]
[Date "2011.08.04"]
[Round "7"]
[White "Van Den Berg, Ad"]
[Black "Armstrong, Malcolm J"]
[Result "0-1"]
[WhiteElo "2244"]
[BlackElo "1988"]
[WhiteFideId "1001426"]
[BlackFideId "409049"]
[EventDate "2011.07.30"]

1. c4 Nf6 2. Nc3 d6 3. d4 Nbd7 4. Nf3 e5 5. g3 Be7 6. Bg2 O-O 7. O-O c6 8. Qc2
Qc7 9. b3 Re8 10. Bb2 Bf8 11. e4 g6 12. Rad1 Bg7 13. d5 c5 14. Ne1 a6 15. f3 Rb8
16. a4 Nf8 17. Rf2 Bd7 18. Bf1 Re7 19. Bc1 Ne8 20. Bd3 b6 21. Bg5 f6 22. Be3 Rf7
23. f4 Qc8 24. fxe5 fxe5 25. Rxf7 Kxf7 26. Nf3 Kg8 27. Be2 Rb7 28. Qd2 Nf6 29.
Ng5 Ng4 30. Bxg4 Bxg4 31. Rf1 Bh6 32. h4 Qe8 33. Rf6 Rd7 34. Qf2 Bg7 35. Ne6
Bxf6 36. Qxf6 Nxe6 37. dxe6 Bxe6 38. Bh6 Rf7 39. Qg5 Qe7 40. Qd2 Qf6 0-1

[Event "15th HZ Open"]
[Site "Vlissingen NED"]
[Date "2011.08.04"]
[Round "7"]
[White "Heltzel, Joost"]
[Black "Sparreboom, Wil"]
[Result "1/2-1/2"]
[WhiteTitle "CM"]
[WhiteElo "2225"]
[BlackElo "1948"]
[WhiteFideId "1010522"]
[BlackFideId "1003836"]
[EventDate "2011.07.30"]

1. Nf3 Nf6 2. c4 c6 3. b3 g6 4. Bb2 Bg7 5. e3 O-O 6. Be2 d5 7. O-O Bg4 8. d3
Nbd7 9. Nbd2 Qc7 10. h3 Bxf3 11. Nxf3 Rad8 12. Qc2 Qb8 13. Rac1 e5 14. cxd5 Nxd5
15. Nd2 Rfe8 16. a3 N7f6 17. Rfd1 Re6 18. b4 Ne8 19. Ne4 Nef6 20. Nc5 Ree8 21.
Bf3 Nd7 22. Qb3 Nxc5 23. Rxc5 Qd6 24. Bxd5 cxd5 25. Rdc1 Re7 26. a4 Bh6 27. R1c2
Red7 28. b5 Bf8 29. Rc8 h5 30. Rc1 Bh6 31. Ba3 Qb6 32. R1c2 Bf8 33. Bxf8 Kxf8
34. Qb4+ Kg7 35. a5 Qf6 36. R2c7 d4 37. e4 Rxc8 38. Rxc8 Qe7 39. Qxe7 Rxe7 40.
Kf1 f5 41. exf5 gxf5 42. Ke2 h4 43. Kd2 Kg6 44. Ra8 b6 45. axb6 axb6 46. Rd8 Re6
47. f4 exf4 48. Rxd4 Kg5 49. Rd5 Re3 50. Rd8 Re5 51. Rg8+ Kf6 52. Rh8 Kg5 53.
Rg8+ Kf6 54. Rh8 Kg5 1/2-1/2

[Event "15th HZ Open"]
[Site "Vlissingen NED"]
[Date "2011.08.04"]
[Round "7"]
[White "De Vleeschauwer, Maarten"]
[Black "Nabuurs, Joep"]
[Result "1/2-1/2"]
[WhiteElo "1918"]
[BlackElo "2218"]
[WhiteFideId "214809"]
[BlackFideId "1020013"]
[EventDate "2011.07.30"]

1. e4 e5 2. Nf3 Nc6 3. Bc4 Bc5 4. c3 Nf6 5. d3 a6 6. Bb3 Ba7 7. Nbd2 O-O 8. Nf1
d5 9. Qe2 Re8 10. Ng3 h6 11. h3 Be6 12. Bc2 dxe4 13. dxe4 Qe7 14. Nh4 Rad8 15.
Nhf5 Qc5 16. Qf3 Bxf5 17. Nxf5 Nd4 18. Nxd4 exd4 19. O-O Qc6 20. Re1 Re6 21. Qd3
Rde8 22. cxd4 Rxe4 23. Rxe4 Qxe4 24. Qxe4 Nxe4 25. Be3 Nf6 26. Bb3 Rd8 27. Rd1
Nd5 28. Kf1 Kf8 29. Ke2 Ke7 30. Kf3 c6 31. g4 Kd7 32. Bxd5 cxd5 33. Rc1 Re8 34.
Rc3 Re6 35. b3 Bb6 36. a3 Rf6+ 37. Ke2 Rc6 38. Rxc6 Kxc6 39. h4 Bd8 40. h5 Be7
41. Bc1 Kd7 42. f4 Ke6 43. f5+ Kf6 44. a4 b5 45. axb5 axb5 46. Bd2 Bf8 47. Kf3
g6 48. fxg6 fxg6 49. hxg6 Kxg6 50. Kf4 Bd6+ 51. Kf3 Bf8 52. Kf4 Bd6+ 53. Kf3 Be7
54. Kg3 Bg5 1/2-1/2

[Event "15th HZ Open"]
[Site "Vlissingen NED"]
[Date "2011.08.04"]
[Round "7"]
[White "Von Meijenfeldt, Bart"]
[Black "Plug, Arjan"]
[Result "1-0"]
[WhiteElo "2154"]
[BlackElo "1943"]
[WhiteFideId "1032259"]
[BlackFideId "1011600"]
[EventDate "2011.07.30"]

1. e4 e6 2. d4 d5 3. Nc3 h6 4. Bd3 Nc6 5. Nf3 Nb4 6. Be2 Nf6 7. e5 Ne4 8. a3
Nxc3 9. bxc3 Na6 10. c4 dxc4 11. Bxc4 Be7 12. O-O c6 13. Qe2 b5 14. Bd3 Nc7 15.
Be3 a6 16. Nd2 Nd5 17. Ne4 Bb7 18. c3 Rc8 19. Rfd1 Rc7 20. a4 Nxe3 21. fxe3 Qd5
22. Nd6+ Bxd6 23. e4 Qb3 24. exd6 Rd7 25. Qd2 e5 26. d5 b4 27. cxb4 1-0

[Event "15th HZ Open"]
[Site "Vlissingen NED"]
[Date "2011.08.04"]
[Round "7"]
[White "Hogerhorst, Tony"]
[Black "Stange, Sven"]
[Result "1/2-1/2"]
[WhiteElo "1914"]
[BlackElo "2110"]
[WhiteFideId "1036440"]
[BlackFideId "203890"]
[EventDate "2011.07.30"]

1. c4 Nf6 2. Nc3 e6 3. e4 d5 4. e5 d4 5. exf6 dxc3 6. bxc3 Qxf6 7. Nf3 Bd6 8. d4
h6 9. Bd3 Bd7 10. Qe2 Bc6 11. Be4 Bxe4 12. Qxe4 Nc6 13. O-O O-O 14. c5 Be7 15.
Bf4 Rac8 16. Rab1 Na5 17. Ne5 Qf5 18. Qe3 g5 19. Bg3 b6 20. Rfe1 Rfd8 21. h3 Bf8
22. f4 f6 23. Nf3 bxc5 24. Qxe6+ Qxe6 25. Rxe6 cxd4 26. cxd4 Kf7 27. Ra6 Nc4 28.
fxg5 hxg5 29. Rxa7 Bd6 30. Bxd6 Nxd6 31. Rc1 Ne8 32. Kf2 Rb8 33. Rc2 Rb1 34. a4
Ra1 35. a5 Rd5 36. Rc5 Rd8 37. Rb5 Ra2+ 38. Kg3 Rd7 39. Rc5 Re7 40. Rc1 Ree2 41.
Rg1 Ra3 42. h4 gxh4+ 43. Kf4 Rea2 44. Rh1 Rxa5 45. Rxa5 Rxa5 46. Rxh4 Ng7 47.
Rh1 Ra4 48. Rc1 c5 49. Ke4 Ne6 50. Kd5 cxd4 51. Rc4 Nf4+ 52. Kxd4 Rxc4+ 53. Kxc4
Nxg2 54. Kd4 Ke6 55. Ke4 f5+ 56. Kd4 Kf6 57. Ne5 Kg5 58. Nf3+ Kf4 59. Ne5 Kg3
60. Nd3 Nf4 61. Ne5 Ne2+ 62. Ke3 Nc1 63. Ng6 Nb3 64. Kd3 Nc5+ 65. Kd4 1/2-1/2

[Event "15th HZ Open"]
[Site "Vlissingen NED"]
[Date "2011.08.04"]
[Round "7"]
[White "Hoffman, Ron"]
[Black "Olabe Odriozola, Eduardo"]
[Result "1-0"]
[WhiteElo "2106"]
[BlackElo "1900"]
[WhiteFideId "1007599"]
[BlackFideId "2211980"]
[EventDate "2011.07.30"]

1. Nf3 d5 2. b3 c5 3. Bb2 Bf5 4. e3 e6 5. Bb5+ Nd7 6. Ne5 Nf6 7. g4 Bg6 8. h4 h6
9. Nxg6 fxg6 10. Bd3 Kf7 11. f4 Bd6 12. Nc3 a6 13. Qf3 b5 14. g5 Ne8 15. Nxd5
exd5 16. Qxd5+ Ke7 17. Bxg6 Bc7 18. Qf7+ Kd6 19. Be5+ Nxe5 20. fxe5+ Kxe5 21.
d4+ cxd4 22. O-O-O Bb6 23. exd4+ Kd6 24. Rhe1 Nc7 25. Qf4+ Kd7 26. Bf5+ Kc6 27.
d5+ Kb7 28. d6 hxg5 29. Qf3+ Nd5 30. Qxd5+ Ka7 31. Re7+ 1-0

[Event "15th HZ Open"]
[Site "Vlissingen NED"]
[Date "2011.08.04"]
[Round "7"]
[White "Smits, Benjamin"]
[Black "Willemsma, Abe"]
[Result "0-1"]
[WhiteElo "1875"]
[BlackElo "2088"]
[WhiteFideId "1019511"]
[BlackFideId "1011561"]
[EventDate "2011.07.30"]

1. e4 c5 2. Nf3 Nc6 3. d4 cxd4 4. Nxd4 g6 5. Nc3 Bg7 6. Be3 Nf6 7. Bc4 Qa5 8.
Nxc6 bxc6 9. Qd3 Nxe4 10. Qxe4 Bxc3+ 11. bxc3 Qxc3+ 12. Ke2 d5 13. Bxd5 Ba6+ 14.
Kf3 Qf6+ 15. Kg3 Qd6+ 16. Bf4 Qxd5 17. Qa4 Bb5 18. Qb3 g5 19. Bc7 Qd7 20. Be5
Qf5 21. Qe3 h5 22. h3 Rh6 23. Rhe1 Re6 24. a4 f6 25. Qd2 Rxe5 26. axb5 Rd8 27.
Qb4 cxb5 28. Kh2 Rxe1 29. Qxe1 Qxc2 30. Rxa7 Qc5 31. Rb7 Rd5 32. g3 h4 33. Qe6
Qxf2+ 0-1

[Event "15th HZ Open"]
[Site "Vlissingen NED"]
[Date "2011.08.04"]
[Round "7"]
[White "Hijweegen, Louis"]
[Black "Van de Wynkele, Eric"]
[Result "0-1"]
[WhiteElo "1848"]
[BlackElo "2086"]
[WhiteFideId "1023845"]
[BlackFideId "205702"]
[EventDate "2011.07.30"]

1. c4 e5 2. g3 Nc6 3. Bg2 g6 4. Nc3 Bg7 5. d3 d6 6. Nf3 h6 7. a3 Be6 8. Rb1 Qd7
9. b4 Nge7 10. O-O Bh3 11. e4 Bxg2 12. Kxg2 O-O 13. b5 Nd8 14. Bd2 Ne6 15. Qc1
Kh7 16. a4 Nf4+ 17. Bxf4 exf4 18. Ne2 g5 19. Nfg1 f5 20. f3 fxg3 21. hxg3 Rf7
22. Nh3 Raf8 23. Rh1 Kg8 24. Qe3 fxe4 25. Qxe4 Rxf3 26. Nef4 R3xf4 27. gxf4 d5
28. cxd5 g4 29. Qe6+ Qxe6 30. dxe6 gxh3+ 31. Rxh3 Rxf4 32. Rc1 c6 33. bxc6 bxc6
34. Rf3 Rxa4 35. Rf7 Bf8 36. Rcf1 Ng6 37. Rc7 Nf4+ 38. Kh1 Nxe6 39. Rxc6 Rh4+
40. Kg2 Rg4+ 41. Kh2 Nf4 42. Rc8 h5 43. d4 Kf7 44. Rc7+ Ke6 45. Rxa7 Bd6 46. Ra6
Ne2+ 47. Kh1 Ng3+ 48. Kg2 Nxf1+ 49. Kxf1 Rxd4 50. Ra5 h4 51. Rh5 Kf7 52. Kg2 Kg6
53. Rb5 Be7 54. Re5 Bg5 55. Re8 Kh5 56. Rh8+ Kg4 57. Rf8 h3+ 58. Kg1 Rd1+ 59.
Rf1 Rxf1+ 60. Kxf1 Be3 0-1

[Event "15th HZ Open"]
[Site "Vlissingen NED"]
[Date "2011.08.04"]
[Round "7"]
[White "Van Overdam, Jan"]
[Black "Schuhmacher, Jakob"]
[Result "1-0"]
[WhiteElo "2062"]
[BlackElo "1841"]
[WhiteFideId "1022741"]
[BlackFideId "4612787"]
[EventDate "2011.07.30"]

1. e4 c6 2. d4 d5 3. exd5 cxd5 4. Bd3 Nc6 5. Ne2 Bg4 6. c3 e6 7. Bf4 Nf6 8. Nd2
Bd6 9. Bg3 O-O 10. O-O Bxg3 11. hxg3 Bh5 12. Nf3 Bg6 13. Nf4 Bxd3 14. Qxd3 Ne4
15. Nd2 Nxd2 16. Qxd2 Na5 17. b3 Rc8 18. Rac1 b6 19. Nd3 Nc6 20. f3 Qc7 21. f4
Qd6 22. g4 Ne7 23. g3 Ng6 24. Kg2 Ne7 25. Rh1 Rfe8 26. Ne5 f6 27. Qd3 g6 28. Nf3
Nc6 29. Rcd1 Rcd8 30. Rh6 Re7 31. g5 e5 32. gxf6 e4 33. fxe7 exd3 34. exd8=Q+
Qxd8 35. Rhh1 Qe7 36. Rhe1 Qa3 37. Rd2 Ne7 38. g4 a5 39. Rxd3 Qxa2+ 40. Rd2 Qa3
41. Rde2 Nc6 42. Ng5 Qxb3 43. Re8+ Kg7 44. Ne6+ Kf7 45. Rf8+ Ke7 46. Nc5+ 1-0

[Event "15th HZ Open"]
[Site "Vlissingen NED"]
[Date "2011.08.04"]
[Round "7"]
[White "Garcia Serrano, Jose M.2"]
[Black "Bus, Tom"]
[Result "0-1"]
[WhiteElo "1925"]
[BlackElo "2237"]
[WhiteFideId "2285215"]
[BlackFideId "1014374"]
[EventDate "2011.07.30"]

1. e4 c5 2. d4 cxd4 3. c3 dxc3 4. Nxc3 Nc6 5. Nf3 e6 6. Bc4 a6 7. O-O Nge7 8.
Bg5 f6 9. Be3 b5 10. Bb3 Ng6 11. Nd4 Bb7 12. Nxc6 Bxc6 13. a3 b4 14. Nd5 Rb8 15.
a4 Be7 16. Rc1 O-O 17. Qh5 Bd6 18. f4 exd5 19. Rf3 Rf7 20. Rh3 Nf8 21. exd5 Ba8
22. Bc2 g6 23. Rg3 Rg7 24. Qf3 Rc8 25. Bb3 Rxc1+ 26. Bxc1 Kh8 27. Be3 Re7 28.
Kh1 Qc7 29. h4 Bc5 30. Bd2 d6 31. h5 a5 32. hxg6 hxg6 33. Bc2 Rh7+ 34. Rh3 Rxh3+
35. gxh3 Qf7 0-1

[Event "15th HZ Open"]
[Site "Vlissingen NED"]
[Date "2011.08.04"]
[Round "7"]
[White "Grashuis, Aldert-jan"]
[Black "Tiggelman, Rene"]
[Result "1/2-1/2"]
[WhiteElo "1919"]
[BlackElo "2233"]
[WhiteFideId "1025163"]
[BlackFideId "1006185"]
[EventDate "2011.07.30"]

1. e4 e6 2. d3 b5 3. g3 Bb7 4. Bg2 g6 5. Nf3 Bg7 6. O-O d6 7. c3 Ne7 8. Na3 a6
9. Nc2 Nd7 10. Bg5 h6 11. Be3 c5 12. Nd2 Qc7 13. f4 Bc6 14. Qe2 Qb7 15. Bh3 f5
16. Bf2 Nf8 17. Rfe1 O-O-O 18. d4 c4 19. Nb4 d5 20. Nxc6 Qxc6 21. exd5 Nxd5 22.
a4 g5 23. axb5 axb5 24. Bg2 gxf4 25. Ra7 Rd7 26. Rea1 Rxa7 27. Rxa7 Rg8 28. Bxd5
Qxd5 29. Qh5 Nd7 30. Qf7 Rd8 31. Qxg7 e5 32. Qxh6 fxg3 33. hxg3 f4 34. Qa6+ Kb8
35. Qa5 Rc8 36. dxe5 fxg3 37. Bd4 Qc6 38. Ne4 Rh8 39. e6 Rh1+ 40. Kxh1 Qxe4+ 41.
Kg1 Qe1+ 42. Kg2 Qe2+ 43. Kxg3 Qe1+ 44. Bf2 Qe5+ 45. Kf3 Qd5+ 46. Kg3 Qe5+ 47.
Kg2 Qd5+ 48. Kg3 Qe5+ 49. Kg2 Qd5+ 50. Kg3 Qe5+ 51. Kf3 Qd5+ 52. Ke2 Qd3+ 53.
Ke1 Qb1+ 1/2-1/2

[Event "15th HZ Open"]
[Site "Vlissingen NED"]
[Date "2011.08.04"]
[Round "7"]
[White "Peeters, Bart"]
[Black "Laarhoven, Thijs"]
[Result "0-1"]
[WhiteElo "1908"]
[BlackElo "2228"]
[WhiteFideId "1020048"]
[BlackFideId "1021265"]
[EventDate "2011.07.30"]

1. d4 d5 2. c4 c6 3. Nc3 Nf6 4. e3 a6 5. Qc2 b5 6. b3 e6 7. Nf3 Nbd7 8. Bd3 Bd6
9. O-O Bb7 10. c5 Bc7 11. e4 b4 12. e5 bxc3 13. exf6 gxf6 14. Re1 h6 15. Nh4 Kf8
16. Qxc3 f5 17. g3 Qf6 18. Nf3 a5 19. a3 Ba6 20. Bxa6 Rxa6 21. b4 Ra8 22. b5
cxb5 23. Rb1 b4 24. Qc2 f4 25. Kg2 Kg7 26. Bd2 fxg3 27. fxg3 Nb8 28. axb4 axb4
29. Rxb4 Nc6 30. Rb7 Qxf3+ 31. Kxf3 Nxd4+ 32. Kg4 Nxc2 33. Rxc7 Nxe1 34. Bxe1
Rhc8 35. Bc3+ Kg6 36. Be5 Ra4+ 0-1

[Event "15th HZ Open"]
[Site "Vlissingen NED"]
[Date "2011.08.04"]
[Round "7"]
[White "Van Veen, Maarten"]
[Black "Both, Erik"]
[Result "0-1"]
[WhiteElo "1910"]
[BlackElo "2147"]
[WhiteFideId "1027751"]
[BlackFideId "1010999"]
[EventDate "2011.07.30"]

1. e4 g6 2. f4 Bg7 3. Nf3 d6 4. d4 a6 5. c3 Nf6 6. Bd3 O-O 7. O-O c5 8. Qe1 Qb6
9. Kh1 cxd4 10. Nxd4 Nc6 11. Nf3 e5 12. Qh4 exf4 13. Qxf4 Ng4 14. Qg3 Nce5 15.
Be2 Qc6 16. Nd4 Qc7 17. h3 Nf6 18. Qh4 Ne8 19. Bh6 Bd7 20. Bxg7 Nxg7 21. Nd2 Qd8
22. Qh6 f6 23. N2f3 Rc8 24. Nxe5 dxe5 25. Nc2 Bc6 26. Bc4+ Kh8 27. Qe3 Qc7 28.
Bb3 Nh5 29. Kg1 a5 30. Rfd1 Rcd8 31. Bd5 Bxd5 32. Rxd5 Rxd5 33. exd5 Nf4 34. Rd1
Rd8 35. Qf3 Qb6+ 36. Ne3 Qxb2 37. d6 Qxc3 38. Rb1 Rxd6 39. Rxb7 Qd4 40. Re7 Nd5
41. Re8+ Kg7 42. Kh2 Qxe3 0-1

[Event "15th HZ Open"]
[Site "Vlissingen NED"]
[Date "2011.08.04"]
[Round "7"]
[White "Riemens, Albert"]
[Black "Westerman, Henk"]
[Result "1/2-1/2"]
[WhiteElo "2140"]
[BlackElo "1925"]
[WhiteFideId "1003941"]
[BlackFideId "1008358"]
[EventDate "2011.07.30"]

1. e4 e6 2. d4 d5 3. e5 c5 4. c3 Qb6 5. Nf3 Bd7 6. a3 a5 7. c4 Bc6 8. Nc3 cxd4
9. Na4 Qc7 10. cxd5 Bxd5 11. Qxd4 Nc6 12. Bb5 Ne7 13. O-O Nf5 14. Qb6 Qxb6 15.
Nxb6 Rd8 16. Nxd5 Rxd5 17. Bxc6+ bxc6 18. Bd2 Be7 19. Bc3 Kd7 20. Rfe1 Rb8 21.
Re4 h5 22. h3 h4 23. Kf1 1/2-1/2

[Event "15th HZ Open"]
[Site "Vlissingen NED"]
[Date "2011.08.05"]
[Round "8"]
[White "Burg, Twan"]
[Black "Landa, Konstantin"]
[Result "0-1"]
[WhiteTitle "IM"]
[BlackTitle "GM"]
[WhiteElo "2450"]
[BlackElo "2628"]
[WhiteFideId "1010697"]
[BlackFideId "4101685"]
[EventDate "2011.07.30"]

1. e4 c5 2. Nf3 e6 3. d4 cxd4 4. Nxd4 Nf6 5. Nc3 Nc6 6. Ndb5 Bc5 7. Nd6+ Ke7 8.
Nxc8+ Rxc8 9. Bd3 Qc7 10. O-O Ne5 11. h3 Rhg8 12. Na4 Nxd3 13. Qxd3 Bd6 14. f4
b5 15. Nc3 b4 16. Na4 e5 17. fxe5 Bxe5 18. Bg5 h6 19. Bxf6+ gxf6 20. Rad1 Rg3
21. Qb5 d6 22. Qxb4 Qxc2 23. Rd2 Qc4 24. Qxc4 Rxc4 25. b3 Rxe4 26. Nb2 d5 27.
Rfd1 Bc3 28. Rd3 Rxd3 29. Nxd3 Bd4+ 30. Kf1 Kd6 31. Rc1 Re3 32. Nb4 Bc5 33. Na6
Bb6 34. Nb4 Bc5 35. Na6 Bb6 36. Nb4 Re4 37. Nd3 f5 38. Rc8 Re3 39. Nb2 f4 40.
Rh8 f3 41. Rxh6+ Ke5 42. gxf3 Rxf3+ 43. Ke1 Rg3 44. Rh7 Rg1+ 45. Kd2 Rg2+ 46.
Kc1 f5 47. Re7+ Kd4 48. Rf7 Ke4 49. Re7+ Kf3 50. Nd3 Be3+ 51. Kb1 Rd2 52. Ne5+
Ke2 53. Ng6 d4 54. Re5 Rd1+ 55. Kb2 Rf1 56. Ne7 f4 57. Nd5 d3 58. Nc3+ Kf3 59.
Rd5 Bc1+ 60. Ka1 Ba3+ 61. Nb1 Ke4 62. Rd7 f3 63. h4 f2 64. Rf7 d2 65. Rxa7 d1=R
66. Rxa3 Rxb1# 0-1